000 00790nam a2200157 a 4500
008 120416s1962 ||||||||||||||||| || u
050 _aNA 7105 Mag
100 _aMaguire, Philip
245 1 0 _aFrom tree dwellings to new towns
260 _aLondon
_bLongman
_c1962
300 _axiv, 178p. : ill.
350 _a0.00
995 _aANNEX COLLECTION (Main Library)
_D0.00
_e702725
_FCBU-MAIN LIBRARY (Kitwe)
_H2
_I0.00
_jNA 7105 Mag
_UAVAILABLE
_y010300
_ZAnnex Low-Usage Collection
995 _aANNEX COLLECTION (Main Library)
_D0.00
_e714324
_FCBU-MAIN LIBRARY (Kitwe)
_H1
_I0.00
_jNA 7105 Mag
_M2
_UAVAILABLE
_y010299
_ZAnnex Low-Usage Collection
995 _aANNEX COLLECTION (Main Library)
_D0.00
_e714785
_FCBU-MAIN LIBRARY (Kitwe)
_H3
_I0.00
_jNA 7105 Mag
_M3
_UAVAILABLE
_y010301
_ZAnnex Low-Usage Collection
999 _c63308
_d63308